000
00314nam a22001457a 4500
008
210514b ||||| |||| 00| 0 eng d
020
_a
9780767415804
041
_a
eng
080
_2
3rd
_a
101
082
_a
101
100
_a
24
101
_a
FIL
245
_a
Does The Center Hold?
_c
Palmer,D
942
_2
udc
_c
BK
999
_c
57302
_d
57302